000 00441nam a2200157Ia 4500
008 210716s2013 xx 000 0 und d
020 _a9788126519873
041 _aeng
082 _a005.8 SHAD
100 _aShah, Deven N.
245 _aInformation security: principles and practice.
_bPrinciples and practice.
250 _a1
260 _aNew Delhi
_bWiley India
_c2013
300 _axx,445
650 _aInformation Storage & Retrieval
999 _c193748
_d193748